Business to business marketing : analysis and practice (Record no. 192814)
[ view plain ]
| 000 -LEADER | |
|---|---|
| fixed length control field | 00486nam a2200157Ia 4500 |
| 005 - DATE AND TIME OF LATEST TRANSACTION | |
| control field | 20250521101114.0 |
| 008 - FIXED-LENGTH DATA ELEMENTS--GENERAL INFORMATION | |
| fixed length control field | 231217s9999 xx 000 0 und d |
| 020 ## - INTERNATIONAL STANDARD BOOK NUMBER | |
| International Standard Book Number | 9780136058281 |
| 082 ## - DEWEY DECIMAL CLASSIFICATION NUMBER | |
| Classification number | 658.8 VIT;1 R |
| 100 ## - MAIN ENTRY--PERSONAL NAME | |
| Personal name | Vitale, Robert P. Giglierano, Joseph J. Pfoertsch, Waldemar. |
| 245 #0 - TITLE STATEMENT | |
| Title | Business to business marketing : analysis and practice |
| 260 ## - PUBLICATION, DISTRIBUTION, ETC. (IMPRINT) | |
| Date of publication, distribution, etc. | 2011 |
| Name of publisher, distributor, etc. | Prentice Hall |
| Place of publication, distribution, etc. | New Jersey |
| 300 ## - PHYSICAL DESCRIPTION | |
| Extent | xxxi, 512 |
| 650 ## - SUBJECT ADDED ENTRY--TOPICAL TERM | |
| Topical term or geographic name as entry element | Business,business,marketing |
| 942 ## - ADDED ENTRY ELEMENTS (KOHA) | |
| Koha item type | Books |
| Date last seen | Total Checkouts | Full call number | Accession number | Old discount | Cost, replacement price | Price effective from | Category | Lost status | Damaged status | Department | Withdrawn status | bill no. | bill date | Permanent Location | Current Location | Shelving location | Entry date | Vendor | Cost, normal purchase price | Grants | Currency symbol | Conversion rate | Discount | Discount type |
|---|---|---|---|---|---|---|---|---|---|---|---|---|---|---|---|---|---|---|---|---|---|---|---|---|
| 26/01/2024 | 658.8 VIT;1 R | 79116 | 20 | 4692.16 | 26/01/2024 | Books | MBA | BA/2011/CR/0001478 | 16/08/2016 | Central Library | Central Library | MBA | 18/07/2011 | Allied publ. | 124.00 | MBA | USD | 47.3 | 24.8 | Rupees |
